000 00270 a2200109 4500
005 20250428094026.0
082 _a657.45 KOV
100 _aKOVA A . S .
245 _aInternational Auditing & Standards
300 _a236p.: ill.; table,
_breference,
_c30cm.
942 _2ddc
_cBKS
999 _c1692
_d1692